Moneda, seudomonedas y circulación monetaria en las economías de México

Shranjeno v:
Bibliografske podrobnosti
Glavni avtor: Romano, Ruggiero (Author)
Format: Knjiga
Jezik:španščina
Izdano: Ciudad de México Fondo de Cultura Económica 1998
Serija:Fideicomiso Historia de las Américas. Serie Ensayos
Teme:
Oznake: Označite
Brez oznak, prvi označite!

MARC

LEADER 00000cam a2200000 a 4500
001 UCF4036
003 CL-VaPUC
008 121115e19980000MX |||||||||||||||||spa|d
020 |a 9681649311 
082 0 4 |a 737.4972  |b ROM  |2 21 
100 0 |a Romano, Ruggiero  |e author  |9 565671 
245 1 0 |a Moneda, seudomonedas y circulación monetaria en las economías de México 
300 |a 292 p 
942 |c BK 
945 |d 20121115 00:00:00  |a dcastane 
260 |a Ciudad de México  |b Fondo de Cultura Económica  |c 1998 
650 0 |a Numismática  |9 318332 
650 7 |a MONEDAS  |2 CL-VaPUC  |9 505392 
650 0 |a Historia de México  |9 321806 
583 |a last modification  |c 20121115 10:00:00  |k Rodrigo Vera 
490 0 |a Fideicomiso Historia de las Américas. Serie Ensayos 
999 |c 350032  |d 350030 
952 |0 0  |1 0  |4 0  |6 737_497200000000000_ROM_1998  |7 0  |8 A  |9 453000  |a BIBHIS  |b BIBHIS  |d 2019-11-22  |i 4924177  |o 737.4972 ROM 1998  |p 4924177  |r 2025-01-20  |w 2019-11-22  |y BK  |k HIS